Statistics for ISBN 978-4-xx

Click here to take the quiz!

General Stats

  • This quiz has been taken 4 times
  • The average score is 6 of 20

Answer Stats

HintAnswer% Correct
09小学館
100%
10新潮社
75%
08集英社
75%
04KADOKAWA
75%
16文藝春秋
50%
00岩波書店
50%
02朝日新聞出版
50%
06講談社
50%
12中央公論新社
25%
15早川書房
25%
14NHK出版
25%
07主婦の友社
0%
03偕成社
0%
01旺文社
0%
11全音楽譜出版社
0%
13東京大学出版会
0%
17国立印刷局
0%
18明治図書出版
0%
19徳間書店
0%
05Gakken
0%

Score Distribution

Percentile by Number Answered

Percent of People with Each Score

Your Score History

You have not taken this quiz